Environmental History: (Record no. 33743)

MARC details
000 -LEADER
fixed length control field 00793nam a22002417a 4500
005 - DATE AND TIME OF LATEST TRANSACTION
control field 20150304130315.0
008 - FIXED-LENGTH DATA ELEMENTS--GENERAL INFORMATION
fixed length control field 100209t xxu||||| |||| 00| 0 eng d
010 ## - LCCN (DPL NO)
LC control number ENG-95852
020 ## - INTERNATIONAL STANDARD BOOK NUMBER
International Standard Book Number 9780198064480
Terms of availability 645.00
020 ## - INTERNATIONAL STANDARD BOOK NUMBER
International Standard Book Number 0198064489
Terms of availability 645.00
035 ## - SYSTEM CONTROL NUMBER
System control number EN-79385
037 ## - SOURCE OF ACQUISITION
Source of stock number/acquisition DBAD/PUB
040 ## - CATALOGING SOURCE
Original cataloging agency DPL
245 ## - TITLE STATEMENT
Title Environmental History:
Remainder of title As if nature Existed/
Statement of responsibility, etc edited by R.John McNeill
260 ## - PUBLICATION, DISTRIBUTION, ETC. (IMPRINT)
Place of publication, distribution, etc New Delhi
Name of publisher, distributor, etc Oxford University Press
Date of publication, distribution, etc 2010
270 ## - ADDRESS
Address YMCA Library Building, Jai Singh Road
City New Delhi
Postal code 110001
300 ## - PHYSICAL DESCRIPTION
Extent xii., 248p.
Dimensions 23cm (Hb)
490 ## - SERIES STATEMENT
Series statement Ecological economics and human well-being / edited by Joan Martinez and Pushpam Kumar
700 ## - ADDED ENTRY--PERSONAL NAME
Personal name McNeill, R. John
700 ## - ADDED ENTRY--PERSONAL NAME
Personal name Padua, Augusto Jose
700 ## - ADDED ENTRY--PERSONAL NAME
Personal name Rangarajan, Mahesh
942 ## - ADDED ENTRY ELEMENTS (KOHA)
Source of classification or shelving scheme Dewey Decimal Classification
Item type English Books
Holdings
Withdrawn status Lost status Source of classification or shelving scheme Materials specified (bound volume or other part) Damaged status Not for loan Collection code Home library Current library Date acquired Source of acquisition Cost, normal purchase price Total Checkouts Barcode Date last seen Copy number Cost, replacement price Koha item type
    Dewey Decimal Classification Hb   Not For Loan Non-fiction D.B.Act.Division D.B.Act.Division 09/02/2010 DBAD/PUB 645.00   EN-79385 09/02/2010 1 645.00 English Books

© Delhi Public Library
Hit Counter
free hit counter